000 01465cam a2200385 a 4500
999 _c5790
_d5790
001 ocm20339585
003 OCoLC
005 20200817172048.0
008 921009s1989 fi b 001 0 eng d
010 _a 89207423
020 _a9516404138
020 _a9789516404137
029 1 _aAU@
_b000006767065
029 1 _aGBVCP
_b022593527
029 1 _aHR0
_bG01350450
029 1 _aNZ1
_b3690931
029 1 _aZWZ
_b021449864
035 _a(OCoLC)20339585
_z(OCoLC)21161210
_z(OCoLC)1167053012
_z(OCoLC)1173129552
040 _aLNT-L
_beng
_cDLC
_dLRL
_dLUL
_dFCI
_dMUQ
_dBTCTA
_dBAKER
_dYDXCP
_dOL$
_dGBVCP
_dOCLCO
_dOCLCF
_dOCLCQ
_dUX0
_dAU@
_dOCLCQ
042 _alccopycat
049 _aTZAA
050 0 4 _aK302
_b.K67
100 1 _aKoskenniemi, Martti.
_914910
245 1 0 _aFrom apology to utopia :
_bthe structure of international legal argument /
_cMartti Koskenniemi.
260 _aHelsinki :
_bFinnish Lawyers' Pub. Co.,
_c1989.
300 _axxvi, 550 pages ;
_c21 cm
504 _aIncludes bibliographical references (pages 502-541) and index.
650 0 _aInternational law.
650 6 _aDroit international
_xPhilosophie.
650 7 _aInternational law.
_2fast
650 7 _aDroit international.
_2ram
776 0 8 _iOnline version:
_aKoskenniemi, Martti.
_tFrom apology to utopia.
_dHelsinki : Finnish Lawyers' Pub. Co., 1989
_w(OCoLC)755269544
856 4 1 _3Table of contents
_uhttp://www.gbv.de/dms/bowker/toc/9789516404137.pdf
942 _2lcc
_cBOOK